| 000 | 00000nas##2200000za#4500 |
| 001 | 9.506039 |
| 003 | CaOODSP |
| 005 | 20210927150240 |
| 007 | cr ||||||||||| |
| 008 | 150406c2009||||xxc|| p o||||f| |0eng|d |
| 040 | |aCaOODSP|beng |
| 043 | |an-cn--- |
| 086 | 1 |aR1-33E-PDF |
| 110 | 1 |aCanada. |bIndian and Northern Affairs Canada. |
| 245 | 10|aFirst Nations Water and Wastewater Action Plan, progress report |h[electronic resource] |
| 260 | |aOttawa - Ontario : |bIndian and Northern Affairs |
| 310 | |aAnnual |
| 362 | 1 |a2008/2009-- |
| 500 | |a"Building on the progress made under the Plan of Action for Drinking Water in First Nations Communities, on April 15, 2008, the Government of Canada announced a $330 million two-year investment in the First Nations Water and Wastewater Action Plan (FNWWAP)."--Page 8 of 31, Progress report, January 2008 - March 2009. |
| 775 | 08|tPlan d'action pour l'approvisionnement en eau potable et le traitement des eaux usées des Premières nations, rapport d'étape.|w(CaOODSP)9.502441 |